| 000 | 01265nam a2200217Ia 4500 | ||
|---|---|---|---|
| 003 | Ost | ||
| 005 | 20260507075504.0 | ||
| 008 | 260507s9999||||xx |||||||||||||| ||und|| | ||
| 020 | _a9961004418 | ||
| 040 | _cfsecg | ||
| 041 | _aara | ||
| 082 | _a330 | ||
| 100 |
_aبن أشنهو، عبد اللطيف _eمؤلف |
||
| 245 | 0 |
_aمدخل إلى الإقتصاد السياسي / _c عبد اللطيف بن أشنهو |
|
| 250 | _aطبعة 6 | ||
| 260 |
_aالجزائر: _bديوان المطبوعات الجامعية, _c2007 |
||
| 300 |
_a485 صفحة؛ _bإيضاحات ؛ _c22 سم |
||
| 520 | _aعرض المفهومية الشكلاوية،نقد الطرح الشكلاوي،المفهومية الواقعية الإقتصادية،محاولة كارل بولاتي،التاريخيون الألمان،مفهومية موريس فودولية،النقد العام للمفهومية،مفهوم النظام الاقتصادي،النظام الرأسمالي،رأس المال،فترات رأس المال،نشوء الرأسمالية،الإيديولوجية الإقتصادية للرأسمالية،العرض الكينزي لنظرية الإقتصاد الكلي للتوازن | ||
| 653 | _aالاقتصاد | ||
| 942 | _cكتاب | ||
| 999 |
_c44708 _d44708 |
||